La influencia de la mujer en la sociedad: un análisis psicosocial e histórico sobre la posición de la mujer y sus valiosos aportes a la humanidad/
Guardado en:
| Hovedforfatter: | |
|---|---|
| Format: | Bog |
| Sprog: | Spanish |
| Tags: |
Tilføj Tag
Ingen Tags, Vær først til at tagge denne postø!
|
MARC
| LEADER | 00000nam a22000007a 4500 | ||
|---|---|---|---|
| 003 | cru CIDCACS/IIS | ||
| 005 | 20180906132245.0 | ||
| 007 | ta | ||
| 008 | 180906s2018 pn |||p|r||||||0| ||spa|d | ||
| 999 | |c 41644 |d 41644 | ||
| 040 | |c cru CIDCACS/IIS | ||
| 100 | 1 | |9 6920 |a Trujillo Trujillo, Alipio | |
| 245 | 1 | 3 | |a La influencia de la mujer en la sociedad: |b un análisis psicosocial e histórico sobre la posición de la mujer y sus valiosos aportes a la humanidad/ |c Alipio Trujillo Trujillo |
| 300 | |a páginas 26-42: |b ilustraciones | ||
| 773 | 0 | |0 19259 |9 2225 |a Desarrollo Social y Cultural (Panamá) |d Panamá: Lotería Nacional de Beneficencia |o 18936 |t Lotería: |x 0024662X | |
| 942 | |2 ddc |c PP | ||
